Deportes y juegos para niños de 5 a 7 años

Αποθηκεύτηκε σε:
Λεπτομέρειες βιβλιογραφικής εγγραφής
Κύριος συγγραφέας: Diem, Liselott (Συγγραφέας)
Μορφή: Βιβλίο
Γλώσσα:Ισπανικά
Έκδοση: Barcelona Paidós 1980
Θέματα:
Ετικέτες: Προσθήκη ετικέτας
Δεν υπάρχουν, Καταχωρήστε ετικέτα πρώτοι!

MARC

LEADER 00000nam a2200000 a 4500
001 UCY9476
003 CL-VaPUC
008 950717e19800000SP |||||||||||||||||spa|d
082 0 4 |a 796.019  |b DIE  |2 21 
100 0 |a Diem, Liselott  |e author  |9 341670 
245 1 0 |a Deportes y juegos para niños de 5 a 7 años 
300 |a 127 p 
942 |c BK 
945 |d 19950717 00:00:00  |a cmena 
260 |a Barcelona  |b Paidós  |c 1980 
650 0 |a Educación física  |9 240893 
650 0 |a Niños  |9 255605 
650 0 |a Juegos educativos  |9 307366 
650 7 |a JUEGO METODO DE ENSEÑANZA  |2 CL-VaPUC  |9 338389 
650 7 |a METODOS ACTIVOS  |2 CL-VaPUC  |9 341671 
650 7 |a DEPORTE  |2 CL-VaPUC  |9 341672 
650 7 |a EJERCICIO  |2 CL-VaPUC  |9 310040 
650 0 |a Natación  |9 307454 
583 |a last modification  |c 19950717 00:00:00  |k Rodrigo Vera 
999 |c 236563  |d 236561 
952 |0 0  |1 0  |4 0  |6 796_019000000000000_DIE_1980  |7 0  |8 P  |9 244731  |a BIBEDU  |b BIBEDU  |c BIBEDU_PB  |d 2019-11-18  |i 1536494  |o 796.019 DIE 1980  |p 1536494  |r 2024-01-25  |w 2019-11-18  |y BK  |k EDU